[Event "2nd Sharjah Masters International Chess Championship"]
[Site "Sharjah Culture & Chess Club"]
[Date "2018.04.19"]
[Round "9"]
[Board "7"]
[White "Firouzja, Alireza"]
[Black "Grandelius, Nils"]
[Result "1/2-1/2"]
[WhiteElo "2572"]
[BlackElo "2652"]
[PlyCount "0"]
[EventDate "2018.04.12"]
[EventRounds "9"]
[EventCountry "UAE"]

1. e4 {[%clk 1:30:57]} c5 {[%clk 1:30:47]} 2. Nf3 {[%clk 1:31:20]} d6
{[%clk 1:31:13]} 3. d4 {[%clk 1:31:43]} cxd4 {[%clk 1:31:39]} 4. Nxd4
{[%clk 1:32:05]} Nf6 {[%clk 1:32:05]} 5. Nc3 {[%clk 1:32:26]} a6 {[%clk 1:31:42]}
6. Be3 {[%clk 1:32:48]} e6 {[%clk 1:32:04]} 7. Qd2 {[%clk 1:32:45]} Qc7
{[%clk 1:24:34]} 8. f3 {[%clk 1:28:52]} h5 {[%clk 1:24:28]} 9. Be2
{[%clk 1:25:48]} Nbd7 {[%clk 1:23:52]} 10. a4 {[%clk 1:22:52]} b6
{[%clk 1:23:17]} 11. O-O {[%clk 1:14:22]} Be7 {[%clk 1:21:35]} 12. Rfd1
{[%clk 1:09:26]} O-O {[%clk 1:18:44]} 13. Kh1 {[%clk 1:05:43]} Bb7
{[%clk 1:15:29]} 14. Bg5 {[%clk 1:05:50]} Rfe8 {[%clk 1:11:04]} 15. Qe1
{[%clk 1:01:58]} Rac8 {[%clk 1:01:02]} 16. Qf1 {[%clk 0:58:13]} Nb8
{[%clk 0:58:24]} 17. Rac1 {[%clk 0:49:23]} Red8 {[%clk 0:49:30]} 18. Bh4
{[%clk 0:44:07]} d5 {[%clk 0:40:45]} 19. e5 {[%clk 0:31:44]} Qxe5
{[%clk 0:40:45]} 20. Bg3 {[%clk 0:31:52]} Qg5 {[%clk 0:35:03]} 21. f4
{[%clk 0:30:12]} Qh6 {[%clk 0:35:20]} 22. f5 {[%clk 0:29:05]} e5 {[%clk 0:35:36]}
23. Bxe5 {[%clk 0:29:09]} Bd6 {[%clk 0:36:03]} 24. Bxd6 {[%clk 0:26:42]} Rxd6
{[%clk 0:34:45]} 25. Rd3 {[%clk 0:23:32]} Nbd7 {[%clk 0:32:03]} 26. Rh3
{[%clk 0:22:02]} Nc5 {[%clk 0:30:11]} 27. Rd1 {[%clk 0:20:02]} Re8
{[%clk 0:26:58]} 28. Bxh5 {[%clk 0:16:00]} Nxh5 {[%clk 0:26:36]} 29. g4
{[%clk 0:16:05]} Qg5 {[%clk 0:21:59]} 30. Rxh5 {[%clk 0:13:54]} Qxg4
{[%clk 0:22:20]} 31. Qh3 {[%clk 0:14:17]} Qxh3 {[%clk 0:22:04]} 32. Rxh3
{[%clk 0:14:45]} Ne4 {[%clk 0:20:36]} 33. Rf1 {[%clk 0:15:10]} Rc8
{[%clk 0:18:29]} 34. Nce2 {[%clk 0:06:59]} a5 {[%clk 0:18:39]} 35. Nb5
{[%clk 0:06:15]} d4 {[%clk 0:13:03]} 36. Kg1 {[%clk 0:06:13]} Rxc2
{[%clk 0:13:26]} 37. Nxd6 {[%clk 0:05:24]} Nxd6 {[%clk 0:13:54]} 38. Re1
{[%clk 0:05:36]} f6 {[%clk 0:05:49]} 39. Nf4 {[%clk 0:02:50]} Kf7
{[%clk 0:03:42]} 40. Rh8 {[%clk 0:02:02]} d3 {[%clk 0:02:36]} 41. Nxd3
{[%clk 0:01:00]} Nxf5 {[%clk 0:02:16]} 42. Rd8 {[%clk 0:00:49]} Bc6
{[%clk 0:02:01]} 43. Rc1 {[%clk 0:00:33]} Rg2+ {[%clk 0:02:15]} 44. Kf1
{[%clk 0:01:00]} Ne3+ {[%clk 0:02:02]} 45. Ke1 {[%clk 0:01:30]} Nc2+
{[%clk 0:02:27]} 46. Kf1 {[%clk 0:01:57]} Ne3+ {[%clk 0:02:53]} 47. Ke1
{[%clk 0:02:25]} Nc2+ {[%clk 0:02:52]} 48. Kf1 {[%clk 0:02:51]} Rxh2
{[%clk 0:01:58]} 49. Nf2 {[%clk 0:03:04]} Bxa4 {[%clk 0:01:48]} 50. Kg1
{[%clk 0:03:33]} Rh5 {[%clk 0:01:48]} 51. Ne4 {[%clk 0:02:17]} Re5
{[%clk 0:00:57]} 52. Nc3 {[%clk 0:02:33]} Bb3 {[%clk 0:01:19]} 53. Rb8
{[%clk 0:02:59]} Rg5+ {[%clk 0:01:07]} 54. Kf2 {[%clk 0:03:23]} Nb4
{[%clk 0:01:23]} 55. Rd8 {[%clk 0:03:15]} Rf5+ {[%clk 0:01:09]} 56. Kg3
{[%clk 0:03:18]} a4 {[%clk 0:01:04]} 57. Re1 {[%clk 0:02:32]} Nc6
{[%clk 0:00:57]} 58. Rd6 {[%clk 0:02:30]} Ne5 {[%clk 0:01:09]} 59. Rxb6
{[%clk 0:02:52]} Rg5+ {[%clk 0:01:34]} 60. Kh3 {[%clk 0:02:51]} Be6+
{[%clk 0:01:34]} 61. Rxe6 {[%clk 0:03:15]} Kxe6 {[%clk 0:01:59]} 62. Nxa4
{[%clk 0:03:38]} Rf5 {[%clk 0:01:51]} 63. b4 {[%clk 0:03:38]} Rf3+
{[%clk 0:01:32]} 64. Kg2 {[%clk 0:04:02]} Ra3 {[%clk 0:01:41]} 65. Nc5+
{[%clk 0:04:27]} Kf5 {[%clk 0:01:57]} 66. Rb1 {[%clk 0:04:43]} Ra2+
{[%clk 0:01:17]} 67. Kg3 {[%clk 0:05:07]} Ra3+ {[%clk 0:04:45]} 68. Kg2
{[%clk 0:05:36]} Nc4 {[%clk 0:00:58]} 69. b5 {[%clk 0:04:46]} Nb6
{[%clk 0:01:22]} 70. Rf1+ {[%clk 0:04:50]} Kg6 {[%clk 0:01:07]} 71. Re1
{[%clk 0:03:33]} Rc3 {[%clk 0:01:01]} 72. Ne6 {[%clk 0:03:29]} Rb3
{[%clk 0:00:53]} 73. Rc1 {[%clk 0:03:30]} Rxb5 {[%clk 0:00:52]} 74. Rc7
{[%clk 0:02:50]} Kh6 {[%clk 0:00:50]} 75. Rb7 {[%clk 0:02:01]} g6
{[%clk 0:01:03]} 76. Rb8 {[%clk 0:00:44]} g5 {[%clk 0:01:10]} 77. Kf3
{[%clk 0:00:39]} Kg6 {[%clk 0:01:14]} 78. Rb7 {[%clk 0:00:39]} Rb3+
{[

[Event "2nd Sharjah Masters International Chess Championship"]
[Site "Sharjah Culture & Chess Club"]
[Date "2018.04.19"]
[Round "9"]
[Board "8"]
[White "Petrosyan, Manuel"]
[Black "Iturrizaga Bonelli, Eduardo"]
[Result "0-1"]
[WhiteElo "2560"]
[BlackElo "2624"]
[PlyCount "0"]
[EventDate "2018.04.12"]
[EventRounds "9"]
[EventCountry "UAE"]

1. d4 {[%clk 1:30:09]} Nf6 {[%clk 1:30:55]} 2. Nf3 {[%clk 1:30:33]} b6
{[%clk 1:30:37]} 3. g3 {[%clk 1:29:40]} Bb7 {[%clk 1:30:55]} 4. c4
{[%clk 1:29:55]} c5 {[%clk 1:26:57]} 5. d5 {[%clk 1:29:24]} b5 {[%clk 1:27:24]}
6. Bg2 {[%clk 1:24:12]} g6 {[%clk 1:26:35]} 7. O-O {[%clk 1:23:39]} bxc4
{[%clk 1:21:23]} 8. Nc3 {[%clk 1:22:14]} d6 {[%clk 1:21:34]} 9. e4
{[%clk 1:15:52]} Nbd7 {[%clk 1:21:31]} 10. e5 {[%clk 1:07:52]} dxe5
{[%clk 1:08:46]} 11. Qa4 {[%clk 1:04:03]} e4 {[%clk 1:03:58]} 12. Ne5
{[%clk 1:00:52]} Bg7 {[%clk 1:04:15]} 13. Bh3 {[%clk 0:48:47]} Bc8
{[%clk 1:04:38]} 14. Nc6 {[%clk 0:39:25]} Qc7 {[%clk 1:04:52]} 15. Nb5
{[%clk 0:31:31]} Qb7 {[%clk 0:49:47]} 16. Na5 {[%clk 0:31:21]} Qb6
{[%clk 0:48:28]} 17. d6 {[%clk 0:19:18]} O-O {[%clk 0:45:56]} 18. dxe7
{[%clk 0:14:08]} Re8 {[%clk 0:46:10]} 19. Nxc4 {[%clk 0:14:33]} Qa6
{[%clk 0:46:35]} 20. Qb3 {[%clk 0:12:05]} Nb6 {[%clk 0:13:21]} 21. Bxc8
{[%clk 0:10:59]} Raxc8 {[%clk 0:13:34]} 22. Ncd6 {[%clk 0:10:50]} Rxe7
{[%clk 0:14:00]} 23. Nxc8 {[%clk 0:11:12]} Qxc8 {[%clk 0:14:26]} 24. Bg5
{[%clk 0:09:12]} c4 {[%clk 0:14:53]} 25. Qc2 {[%clk 0:03:34]} Nbd5
{[%clk 0:11:44]} 26. Bxf6 {[%clk 0:03:38]} Bxf6 {[%clk 0:10:51]} 27. Nd6
{[%clk 0:03:21]} Qe6 {[%clk 0:08:37]} 28. Nxc4 {[%clk 0:03:46]} Nb4
{[%clk 0:08:35]} 29. Qe2 {[%clk 0:03:01]} Nd3 {[%clk 0:08:48]} 30. Ne3
{[%clk 0:02:50]} Bxb2 {[%clk 0:07:34]} 31. Rab1 {[%clk 0:03:17]} Bd4
{[%clk 0:07:57]} 32. Kg2 {[%clk 0:00:51]} Rc7 {[%clk 0:07:19]} 33. Rfd1
{[%clk 0:01:02]} Rc5 {[%clk 0:07:12]} 34. Rxd3 {[%clk 0:00:35]} exd3
{[%clk 0:07:34]} 35. Qxd3 {[%clk 0:00:53]} Bxe3 {[%clk 0:07:42]} 36. Qxe3
{[%clk 0:00:40]} Qxe3 {[%clk 0:08:05]} 37. fxe3 {[%clk 0:01:07]} Rc2+
{[%clk 0:08:32]} 38. Kf3 {[%clk 0:01:30]} Rxh2 {[%clk 0:08:15]} 39. a4
{[%clk 0:01:46]} Ra2 {[%clk 0:08:17]} 40. Rb4 {[%clk 0:02:10]} h5
{[%clk 0:08:25]} 41. g4 {[%clk 0:01:03]} hxg4+ {[%clk 0:04:53]} 42. Kxg4
{[%clk 0:01:29]} Kg7 {[%clk 0:05:15]} 43. Rc4 {[%clk 0:01:36]} Rg2+
{[%clk 0:03:32]} 44. Kf3 {[%clk 0:01:46]} Ra2 {[%clk 0:02:20]} 45. e4
{[%clk 0:01:53]} a5 {[%clk 0:00:40]} 46. e5 {[%clk 0:02:00]} Ra1 {[%clk 0:00:32]}
47. Ke4 {[%clk 0:00:59]} g5 {[%clk 0:00:36]} 48. Kd5 {[%clk 0:00:34]} Rd1+
{[%clk 0:00:46]} 49. Kc6 {[%clk 0:00:54]} Re1 {[%clk 0:01:00]} 50. Rc5
{[%clk 0:01:16]} Kg6 {[%clk 0:00:41]} 51. Rxa5 {[%clk 0:01:10]} g4
{[%clk 0:01:06]} 52. Ra8 {[%clk 0:01:30]} Rxe5 {[%clk 0:01:19]} 53. a5
{[%clk 0:01:22]} Kg7 {[%clk 0:00:52]} 54. a6 {[%clk 0:01:33]} Ra5
{[%clk 0:00:31]} 55. Kb6 {[%clk 0:01:52]} Ra2 {[%clk 0:00:39]} 56. Rd8
{[%clk 0:02:11]} Rb2+ {[%clk 0:00:41]} 57. Kc6 {[%clk 0:02:36]} Rc2+
{[%clk 0:01:07]} 58. Kb6 {[%clk 0:03:03]} Rb2+ {[%clk 0:01:33]} 59. Kc6
{[%clk 0:03:29]} Ra2 {[%clk 0:01:59]} 60. Kb6 {[%clk 0:03:40]} f5
{[%clk 0:02:17]} 61. a7 {[%clk 0:03:56]} g3 {[%clk 0:02:12]} 62. a8=Q
{[%clk 0:00:57]} Rxa8 {[%clk 0:02:38]} 63. Rxa8 {[%clk 0:01:24]} g2
{[%clk 0:03:03]} 64. Ra1 {[%clk 0:01:49]} f4 {[%clk 0:03:30]} 65. Kc5
{[%clk 0:02:00]} f3 {[%clk 0:03:57]} 66. Rg1 {[%clk 0:02:24]} Kf6
{[%clk 0:04:22]} 67. Kd4 {[%clk 0:02:46]} f2 {[%clk 0:04:48]} 68. Rxg2
{[%clk 0:03:12]} f1=Q {[%clk 0:05:14]} 69. Rd2 {[%clk 0:03:31]} Kf5
{[%clk 0:05:22]} 70. Rd3 {[%clk 0:03:44]} Qa1+ {[%clk 0:05:40]} 71. Rc3
{[%clk 0:03:50]} Kf4 {[%clk 0:05:58]} 72. Kd3 {[%clk 0:03:31]} Qd1+
{[%clk 0:06:24]} 73. Kc4 {[%clk 0:03:58]} Ke4 {[%clk 0:06:48]} 74. Kb4
{[%clk 0:03:28]} Qd2 {[%clk 0:07:06]} 75. Kb3 {[%clk 0:03:39]} Qd5+
{[%clk 0:07:21]} 76. Kb2 {[%clk 0:03:49]} Kd4 {[%clk 0:07:46]} 77. Rc2
{[%clk 0:03:41]} Qb5+ {[%clk 0:08:12]} 78. Kc1 {[%clk 0:03:59]} Qb3
{

[Event "2nd Sharjah Masters International Chess Championship"]
[Site "Sharjah Culture & Chess Club"]
[Date "2018.04.19"]
[Round "9"]
[Board "9"]
[White "Jumabayev, Rinat"]
[Black "Tabatabaei, M.Amin"]
[Result "1-0"]
[WhiteElo "2612"]
[BlackElo "2605"]
[PlyCount "0"]
[EventDate "2018.04.12"]
[EventRounds "9"]
[EventCountry "UAE"]

1. d4 {[%clk 1:30:58]} d5 {[%clk 1:17:00]} 2. c4 {[%clk 1:31:11]} e6
{[%clk 1:17:27]} 3. Nc3 {[%clk 1:29:33]} Nf6 {[%clk 1:17:36]} 4. cxd5
{[%clk 1:29:55]} Nxd5 {[%clk 1:17:58]} 5. e4 {[%clk 1:30:10]} Nxc3
{[%clk 1:18:24]} 6. bxc3 {[%clk 1:30:38]} c5 {[%clk 1:18:47]} 7. Rb1
{[%clk 1:30:34]} Be7 {[%clk 1:19:09]} 8. Bb5+ {[%clk 1:30:49]} Bd7
{[%clk 1:19:32]} 9. Bd3 {[%clk 1:30:48]} cxd4 {[%clk 1:17:00]} 10. cxd4
{[%clk 1:31:12]} Nc6 {[%clk 1:17:08]} 11. Nf3 {[%clk 1:28:11]} Qa5+
{[%clk 1:11:02]} 12. Bd2 {[%clk 1:28:24]} Bb4 {[%clk 1:11:21]} 13. d5
{[%clk 1:16:24]} exd5 {[%clk 0:58:29]} 14. exd5 {[%clk 1:16:26]} Bxd2+
{[%clk 0:58:50]} 15. Qxd2 {[%clk 1:16:52]} Qxd5 {[%clk 0:59:10]} 16. O-O
{[%clk 1:17:14]} Be6 {[%clk 0:59:21]} 17. Ng5 {[%clk 1:15:47]} Rd8
{[%clk 0:55:05]} 18. Rbd1 {[%clk 0:50:12]} O-O {[%clk 0:45:41]} 19. Bxh7+
{[%clk 0:38:34]} Kh8 {[%clk 0:46:09]} 20. Qc1 {[%clk 0:36:55]} Nd4
{[%clk 0:31:22]} 21. Kh1 {[%clk 0:36:33]} Qc4 {[%clk 0:10:18]} 22. Qe3
{[%clk 0:13:33]} Qe2 {[%clk 0:07:54]} 23. Be4 {[%clk 0:12:02]} Qxe3
{[%clk 0:03:36]} 24. fxe3 Nc6 25. Nxe6 {[%clk 0:11:18]} fxe6 {[%clk 0:04:31]} 26.
Rxf8+ {[%clk 0:11:26]} Rxf8 {[%clk 0:05:00]} 27. h4 {[%clk 0:11:00]} Rd8
{[%clk 0:05:22]} 28. Rb1 {[%clk 0:11:10]} Rd7 {[%clk 0:05:43]} 29. Kh2
{[%clk 0:09:53]} Kg8 {[%clk 0:06:12]} 30. Kg3 {[%clk 0:10:08]} Kf7
{[%clk 0:06:37]} 31. Kf4 {[%clk 0:10:16]} Na5 {[%clk 0:06:37]} 32. g4
{[%clk 0:08:05]} Rd2 {[%clk 0:06:22]} 33. a3 {[%clk 0:04:23]} Rf2+
{[%clk 0:06:26]} 34. Bf3 {[%clk 0:04:38]} Ke7 {[%clk 0:03:56]} 35. h5
{[%clk 0:04:34]} e5+ {[%clk 0:03:12]} 36. Kg3 {[%clk 0:04:50]} Ra2
{[%clk 0:03:40]} 37. Rb5 {[%clk 0:04:23]} Rxa3 {[%clk 0:04:08]} 38. Rxe5+
{[%clk 0:04:48]} Kf6 {[%clk 0:03:28]} 39. Rf5+ {[%clk 0:03:47]} Ke7
{[%clk 0:03:55]} 40. Rg5 {[%clk 0:02:46]} Kf8 {[%clk 0:03:56]} 41. Rc5
{[%clk 0:02:39]} b5 {[%clk 0:01:15]} 42. Rxb5 {[%clk 0:02:35]} Nc4
{[%clk 0:01:38]} 43. Kf4 {[%clk 0:02:08]} Nxe3 {[%clk 0:01:39]} 44. g5
{[%clk 0:02:26]} Rc3 {[%clk 0:00:39]} 45. Rb8+ {[%clk 0:02:32]} Kf7
{[%clk 0:01:08]} 46. Rb7+ {[%clk 0:02:42]} Kf8 {[%clk 0:01:23]} 47. Be4
{[%clk 0:02:04]} Nc4 {[%clk 0:01:15]} 48. h6 {[%clk 0:01:23]} gxh6
{[%clk 0:01:41]} 49. gxh6 {[%clk 0:01:46]} Rh3 {[%clk 0:00:37]} 50. Rb8+
{[%clk 0:01:47]} Kf7 {[%clk 0:01:06]} 51. h7 {[%clk 0:02:08]} Rh4+
{[%clk 0:01:09]} 52. Kg3 {[%clk 0:02:13]} 1-0

[Event "2nd Sharjah Masters International Chess Championship"]
[Site "Sharjah Culture & Chess Club"]
[Date "2018.04.19"]
[Round "9"]
[Board "10"]
[White "Erigaisi, Arjun"]
[Black "Amin, Bassem"]
[Result "1/2-1/2"]
[WhiteElo "2481"]
[BlackElo "2700"]
[PlyCount "0"]
[EventDate "2018.04.12"]
[EventRounds "9"]
[EventCountry "UAE"]

1. d4 {[%clk 1:28:41]} Nf6 {[%clk 1:29:35]} 2. c4 {[%clk 1:28:48]} e6
{[%clk 1:29:54]} 3. Nf3 {[%clk 1:29:09]} Bb4+ {[%clk 1:30:14]} 4. Bd2
{[%clk 1:29:30]} c5 {[%clk 1:30:17]} 5. Bxb4 {[%clk 1:29:49]} cxb4
{[%clk 1:30:45]} 6. g3 {[%clk 1:30:10]} b6 {[%clk 1:31:08]} 7. Bg2
{[%clk 1:30:31]} Bb7 {[%clk 1:31:37]} 8. O-O {[%clk 1:30:26]} a5 {[%clk 1:30:32]}
9. Qd3 {[%clk 1:26:05]} d6 {[%clk 1:29:58]} 10. Nbd2 {[%clk 1:26:20]} Qe7
{[%clk 1:28:20]} 11. e4 {[%clk 1:18:20]} e5 {[%clk 1:27:53]} 12. a3
{[%clk 1:14:02]} bxa3 {[%clk 1:25:16]} 13. Qxa3 {[%clk 1:14:04]} Nc6
{[%clk 1:24:57]} 14. d5 {[%clk 0:53:32]} Nb4 {[%clk 1:24:48]} 15. Rfc1
{[%clk 0:53:49]} Nd7 {[%clk 1:23:47]} 16. Ne1 {[%clk 0:51:58]} Nc5
{[%clk 1:24:05]} 17. Nb3 {[%clk 0:50:40]} Nca6 {[%clk 1:20:50]} 18. Qa4+
{[%clk 0:47:45]} Kf8 {[%clk 1:16:38]} 19. f4 {[%clk 0:38:21]} f6 {[%clk 1:12:28]}
20. fxe5 {[%clk 0:35:10]} fxe5 {[%clk 1:12:34]} 21. Qb5 {[%clk 0:34:57]} Qd8
{[%clk 1:07:31]} 22. Nc2 {[%clk 0:28:37]} Bc8 {[%clk 1:05:42]} 23. Nxb4
{[%clk 0:27:22]} Nxb4 {[%clk 1:06:05]} 24. c5 {[%clk 0:17:54]} dxc5
{[%clk 1:03:13]} 25. Qc4 {[%clk 0:16:58]} Kf7 {[%clk 0:36:00]} 26. Rf1+
{[%clk 0:15:28]} Kg6 {[%clk 0:34:48]} 27. Qc3 {[%clk 0:15:49]} Re8
{[%clk 0:34:10]} 28. Nd2 {[%clk 0:16:14]} Qe7 {[%clk 0:25:41]} 29. Nc4
{[%clk 0:14:40]} Ba6 {[%clk 0:25:22]} 30. d6 {[%clk 0:12:20]} Qe6
{[%clk 0:24:51]} 31. d7 {[%clk 0:12:39]} Re7 {[%clk 0:18:58]} 32. Rfd1
{[%clk 0:03:45]} Bxc4 {[%clk 0:18:56]} 33. d8=Q {[%clk 0:04:10]} Rxd8
{[%clk 0:19:20]} 34. Rxd8 {[%clk 0:04:36]} Nc6 {[%clk 0:19:32]} 35. Rf8
{[%clk 0:04:26]} Nd4 {[%clk 0:19:51]} 36. Bh3 {[%clk 0:03:16]} Ne2+
{[%clk 0:18:07]} 37. Kg2 {[%clk 0:03:44]} Qxh3+ {[%clk 0:14:24]} 38. Kxh3
{[%clk 0:04:12]} Nxc3 {[%clk 0:14:49]} 39. bxc3 {[%clk 0:04:38]} Bb3
{[%clk 0:13:27]} 40. Rb8 {[%clk 0:04:13]} Re6 {[%clk 0:13:56]} 41. Kg2
{[%clk 0:04:18]} a4 {[%clk 0:13:11]} 42. Kf3 {[%clk 0:04:39]} Rd6
{[%clk 0:12:52]} 43. Ke3 {[%clk 0:05:08]} c4 {[%clk 0:08:26]} 44. Ke2
{[%clk 0:05:04]} Kh6 {[%clk 0:06:55]} 45. Re8 {[%clk 0:04:32]} Rd3
{[%clk 0:07:17]} 46. Rxe5 {[%clk 0:04:43]} Rxc3 {[%clk 0:07:44]} 47. Re6+
{[%clk 0:04:55]} g6 {[%clk 0:08:12]} 48. Rxb6 {[%clk 0:05:08]} Rc2+
{[%clk 0:08:07]} 49. Ke3 {[%clk 0:05:33]} Rxh2 {[%clk 0:08:22]} 50. e5
{[%clk 0:05:10]} c3 {[%clk 0:07:31]} 51. e6 {[%clk 0:05:07]} Rh5 {[%clk 0:04:47]}
52. Kd4 {[%clk 0:04:38]} Rd5+ {[%clk 0:03:21]} 53. Kxc3 {[%clk 0:05:02]} Re5
{[%clk 0:03:50]} 54. Rh1+ {[%clk 0:05:19]} Kg5 {[%clk 0:03:56]} 55. Rxh7
{[%clk 0:05:40]} Bxe6 {[%clk 0:03:23]} 56. Re7 {[%clk 0:05:30]} Kf5
{[%clk 0:03:03]} 57. g4+ {[%clk 0:05:21]} Kf6 {[%clk 0:03:31]} 58. Ra7
{[%clk 0:05:45]} Kg5 {[%clk 0:02:05]} 59. Re7 {[%clk 0:06:07]} Kf6
{[%clk 0:02:21]} 60. Ra7 {[%clk 0:06:32]} Kg5 {[%clk 0:00:35]} 61. Raa6
{[%clk 0:06:54]} Bxg4 {[%clk 0:00:43]} 62. Rxg6+ {[%clk 0:07:13]} Kh5
{[%clk 0:01:01]} 63. Rg7 {[%clk 0:07:25]} Re4 {[%clk 0:00:58]} 64. Rga7
{[%clk 0:07:34]} Kg5 {[%clk 0:00:40]} 65. Rxa4 {[%clk 0:07:53]} Rxa4
{[%clk 0:01:03]} 66. Rxa4 {[%clk 0:08:18]} Be6 {[%clk 0:01:04]} 67. Kd4
{[%clk 0:08:41]} Kf6 {[%clk 0:01:21]} 68. Ke4 {[%clk 0:08:49]} Bf7
{[%clk 0:01:19]} 69. Kf4 {[%clk 0:09:12]} Bg8 {[%clk 0:01:23]} 70. Ra6+
{[%clk 0:09:34]} Kg7 {[%clk 0:01:45]} 71. Kg5 {[%clk 0:09:58]} Kh8
{[%clk 0:01:57]} 72. Kg6 {[%clk 0:10:17]} Bh7+ {[%clk 0:02:05]} 73. Kf7
{[%clk 0:10:40]} Bg8+ {[%clk 0:02:32]} 74. Kf8 {[%clk 0:11:04]} Bh7
{[%clk 0:02:56]} 75. Ra4 {[%clk 0:11:02]} Bg6 {[%clk 0:02:18]} 76. Rg4
{[%clk 0:11:23]} Bc2 {[%clk 0:01:46]} 77. Rg3 {[%clk 0:11:18]} Bb1
{[%clk 0:01:41]} 78. Rg4 {[%clk 0:11:30]} Bc2 {[%cl

[Event "2nd Sharjah Masters International Chess Championship"]
[Site "Sharjah Culture & Chess Club"]
[Date "2018.04.19"]
[Round "9"]
[Board "11"]
[White "Iniyan, P"]
[Black "Kravtsiv, Martyn"]
[Result "1-0"]
[WhiteElo "2466"]
[BlackElo "2680"]
[PlyCount "0"]
[EventDate "2018.04.12"]
[EventRounds "9"]
[EventCountry "UAE"]

1. d4 {[%clk 1:30:45]} d5 {[%clk 1:30:53]} 2. c4 {[%clk 1:31:09]} e6
{[%clk 1:31:17]} 3. Nc3 {[%clk 1:31:33]} Be7 {[%clk 1:31:40]} 4. Nf3
{[%clk 1:31:43]} Nf6 {[%clk 1:32:03]} 5. Bg5 {[%clk 1:30:07]} h6 {[%clk 1:32:25]}
6. Bh4 {[%clk 1:30:32]} O-O {[%clk 1:32:40]} 7. e3 {[%clk 1:30:59]} Nbd7
{[%clk 1:32:50]} 8. Rc1 {[%clk 1:31:19]} c5 {[%clk 1:32:00]} 9. cxd5
{[%clk 1:26:06]} Nxd5 {[%clk 1:32:08]} 10. Bxe7 {[%clk 1:25:04]} Nxe7
{[%clk 1:32:09]} 11. Be2 {[%clk 1:19:41]} b6 {[%clk 1:30:50]} 12. O-O
{[%clk 1:19:54]} Bb7 {[%clk 1:30:43]} 13. Qa4 {[%clk 1:13:27]} cxd4
{[%clk 1:18:24]} 14. Qxd4 {[%clk 1:05:59]} Nf5 {[%clk 1:18:22]} 15. Qf4
{[%clk 1:05:31]} g5 {[%clk 1:16:32]} 16. Qa4 {[%clk 1:03:30]} Nc5
{[%clk 1:08:14]} 17. Qg4 {[%clk 1:02:10]} Nd7 {[%clk 0:57:34]} 18. Rfd1
{[%clk 0:45:38]} Qe7 {[%clk 0:56:42]} 19. Ne4 {[%clk 0:44:34]} Rad8
{[%clk 0:49:25]} 20. Rc7 {[%clk 0:36:15]} Bxe4 {[%clk 0:49:49]} 21. Qxe4
{[%clk 0:36:36]} Nc5 {[%clk 0:49:19]} 22. Rxe7 {[%clk 0:36:16]} Nxe4
{[%clk 0:43:14]} 23. Rxd8 {[%clk 0:22:14]} Rxd8 {[%clk 0:43:37]} 24. Rxa7
{[%clk 0:22:38]} Rc8 {[%clk 0:42:13]} 25. Ra4 {[%clk 0:17:22]} Nfd6
{[%clk 0:35:21]} 26. Rd4 {[%clk 0:16:09]} Rc2 {[%clk 0:34:32]} 27. Bd3
{[%clk 0:16:14]} Rxb2 {[%clk 0:22:43]} 28. h4 {[%clk 0:16:16]} f5
{[%clk 0:17:18]} 29. hxg5 {[%clk 0:16:19]} hxg5 {[%clk 0:17:42]} 30. Nxg5
{[%clk 0:15:22]} Nxg5 {[%clk 0:17:16]} 31. Rxd6 {[%clk 0:15:43]} Rd2
{[%clk 0:14:11]} 32. Rd4 {[%clk 0:14:55]} Rxa2 {[%clk 0:11:40]} 33. f4
{[%clk 0:15:19]} Nh7 {[%clk 0:10:55]} 34. Bc4 {[%clk 0:14:57]} Ra1+
{[%clk 0:11:21]} 35. Kf2 {[%clk 0:14:33]} Nf8 {[%clk 0:11:42]} 36. Rd6
{[%clk 0:14:54]} Kf7 {[%clk 0:12:05]} 37. Rxb6 {[%clk 0:14:38]} Rc1
{[%clk 0:12:10]} 38. Bd3 {[%clk 0:13:38]} Nd7 {[%clk 0:12:22]} 39. Rb7
{[%clk 0:13:59]} Ke7 {[%clk 0:07:34]} 40. Bb5 {[%clk 0:14:23]} Rd1
{[%clk 0:07:59]} 41. e4 {[%clk 0:14:41]} Kd8 {[%clk 0:07:55]} 42. Rxd7+
{[%clk 0:15:01]} Rxd7 {[%clk 0:08:20]} 43. Bxd7 {[%clk 0:15:24]} Kxd7
{[%clk 0:08:47]} 44. exf5 {[%clk 0:15:44]} exf5 {[%clk 0:09:12]} 45. Ke3
{[%clk 0:16:06]} Ke6 {[%clk 0:09:05]} 46. Kd4 {[%clk 0:16:31]} Kd6
{[%clk 0:09:32]} 47. g3 {[%clk 0:16:53]} Kd5+ 48. Ke4+ 1-0